[Event "Chioggia op-A 05th"]
[Site "Chioggia"]
[Date "2010.10.09"]
[Round "2"]
[White "Panican, Gheorghe"]
[Black "Mancin, Michele"]
[Result "1-0"]
[WhiteElo "1915"]
[BlackElo "1761"]
[PlyCount "113"]
[EventDate "2010.10.08"]
[EventType "swiss"]
[EventRounds "5"]
[EventCountry "ITA"]
[SourceTitle "EXT 2022"]
[Source "ChessBase"]
[SourceDate "2021.10.06"]
[SourceVersion "1"]
[SourceVersionDate "2021.10.06"]
[SourceQuality "1"]

1. d4 Nf6 2. Nf3 g6 3. e3 Bg7 4. Bd3 0-0 5. b3 d6 6. 0-0 Nbd7 7. Bb2 Re8 8. e4 e5 9. dxe5 Nxe5 10. Nxe5 dxe5 11. Nd2 Nh5 12. Re1 Nf4 13. Bf1 Qe7 14. Nf3 Bg4 15. Re3 Rad8 16. Qe1 Rd7 17. h3 Bxf3 18. Rxf3 Red8 19. g3 Ne6 20. h4 a6 21. a4 Nd4 22. Rc3 Bh6 23. Kh1 Qf6 24. Kg2 Nc6 25. Rf3 Qd6 26. Rd3 Qf6 27. Rad1 Rxd3 28. Rxd3 Rxd3 29. Bxd3 Qd6 30. Bc3 Bf8 31. Qe3 Nd4 32. f3 Bg7 33. Qd2 Nc6 34. Bc4 Qxd2+ 35. Bxd2 Nd4 36. c3 Nc6 37. Bd5 Kf8 38. Bxc6 bxc6 39. Kf2 Ke7 40. Ke2 Ke6 41. Kd3 Bf8 42. Kc4 h5 43. Be3 Kd7 44. Bc5 Bg7 45. Kb4 Kc8 46. Be7 Kb7 47. Kc5 Bh8 48. g4 hxg4 49. fxg4 f5 50. gxf5 gxf5 51. exf5 e4 52. Kc4 Kc8 53. f6 Kd7 54. Kd4 Ke6 55. Kxe4 Bxf6 56. Bxf6 Kxf6 57. Kd4 1-0

[Event "Mogliano Veneto 31st A"]
[Site "Mogliano Veneto"]
[Date "2010.05.02"]
[Round "5"]
[White "Panican, Gheorghe"]
[Black "Mileto, Gabriele"]
[Result "0-1"]
[WhiteElo "1985"]
[BlackElo "2204"]
[PlyCount "34"]
[EventDate "2010.04.30"]
[EventType "swiss"]
[EventRounds "5"]
[EventCountry "ITA"]
[SourceTitle "EXT 2024"]
[Source "ChessBase"]
[SourceDate "2023.10.10"]
[SourceVersion "1"]
[SourceVersionDate "2023.10.10"]
[SourceQuality "1"]

1. e4 g6 2. a4 Bg7 3. h4 d6 4. Nh3 Nf6 5. g3 0-0 6. c3 e5 7. Bg2 Nc6 8. a5 a6 9. Na3 Nxa5 10. h5 Be6 11. h6 Bxh6 12. d4 Bxc1 13. Qxc1 h5 14. b4 Nb3 15. Qb2 Nxa1 16. 0-0 exd4 17. Nf4 Qe7 0-1

[Event "Mogliano Veneto 31st A"]
[Site "Mogliano Veneto"]
[Date "2010.05.01"]
[Round "3"]
[White "Sorbera, Giovanni"]
[Black "Panican, Gheorghe"]
[Result "1-0"]
[WhiteElo "1974"]
[BlackElo "1985"]
[PlyCount "30"]
[EventDate "2010.04.30"]
[EventType "swiss"]
[EventRounds "5"]
[EventCountry "ITA"]
[SourceTitle "EXT 2024"]
[Source "ChessBase"]
[SourceDate "2023.10.10"]
[SourceVersion "1"]
[SourceVersionDate "2023.10.10"]
[SourceQuality "1"]

1. e4 e6 2. d4 d5 3. Nc3 Bb4 4. Nge2 dxe4 5. a3 Bxc3+ 6. Nxc3 f5 7. f3 exf3 8. Qxf3 Qxd4 9. Bf4 c6 10. Rd1 Qf6 11. Bc4 Ne7 12. 0-0 Nd7 13. Qh5+ Kd8 14. Bg5 g6 15. Bxf6 gxh5 1-0

[Event "Noale Szabados Memorial-B 3rd"]
[Site "Noale"]
[Date "2010.02.06"]
[Round "3"]
[White "Polin, Giulia"]
[Black "Panican, Gheorghe"]
[Result "1/2-1/2"]
[WhiteElo "1831"]
[BlackElo "1992"]
[PlyCount "82"]
[EventDate "2010.02.05"]
[EventType "swiss"]
[EventRounds "5"]
[EventCountry "ITA"]
[SourceTitle "EXT 2022"]
[Source "ChessBase"]
[SourceDate "2021.10.06"]
[SourceVersion "1"]
[SourceVersionDate "2021.10.06"]
[SourceQuality "1"]

1. e4 d6 2. d4 e5 3. dxe5 dxe5 4. Qxd8+ Kxd8 5. Nf3 f6 6. Be3 Be6 7. Nc3 c6 8. 0-0-0+ Kc7 9. Nd2 Nd7 10. f4 b5 11. Nb3 a6 12. f5 Bf7 13. Be2 Bb4 14. Rd2 Ne7 15. Rhd1 Rad8 16. a3 Bxc3 17. bxc3 Nc8 18. g4 Ncb6 19. Rd6 Nc8 20. R6d2 Ncb6 21. Rd6 Nc8 22. R6d2 h6 23. Nc5 Nxc5 24. Rxd8 Rxd8 25. Rxd8 Kxd8 26. Bxc5 Ke8 27. a4 g6 28. a5 Ne7 29. Kd2 gxf5 30. gxf5 Kd7 31. c4 bxc4 32. Kc3 Nc8 33. Bxc4 Bxc4 34. Kxc4 Nd6+ 35. Bxd6 Kxd6 36. h3 c5 37. Kd3 Kc6 38. c4 Kd6 39. Ke3 Ke7 40. Kf3 Kf7 41. Kg4 Kg7 1/2-1/2

[Event "Conegliano op"]
[Site "Conegliano"]
[Date "2008.06.02"]
[Round "5"]
[White "Coqueraut, Jean Dominique"]
[Black "Panican, Gheorghe"]
[Result "1/2-1/2"]
[WhiteElo "1975"]
[BlackElo "2053"]
[PlyCount "51"]
[EventDate "2008.05.31"]
[EventType "swiss"]
[EventRounds "6"]
[EventCountry "ITA"]
[SourceTitle "CBM 124 Extra"]
[Source "ChessBase"]
[SourceDate "2008.07.03"]
[SourceVersion "1"]
[SourceVersionDate "2008.07.03"]
[SourceQuality "1"]

1. d4 Nf6 2. c4 c5 3. e3 g6 4. Nc3 b6 5. Nf3 Bg7 6. dxc5 bxc5 7. Be2 0-0 8. 0-0 Bb7 9. Qc2 Nc6 10. a3 a6 11. Rd1 d6 12. Rb1 a5 13. b3 Qc8 14. Bb2 Nb8 15. Nd5 Bxd5 16. cxd5 Nbd7 17. e4 Qb8 18. Bc3 Rc8 19. Bc4 Qc7 20. Re1 Ne8 21. Bxg7 Nxg7 22. Rb2 Ne5 23. Nxe5 dxe5 24. a4 Ne8 25. Qc3 Ra7 26. Rc2 1/2-1/2